Entender la pintura en Orsay / (Registro nro. 791)
[ vista simple ]
| 000 -LEADER | |
|---|---|
| fixed length control field | 00872nam a2200265 a 4500 |
| 003 - CONTROL NUMBER IDENTIFIER | |
| control field | AR-RoUNCS |
| 005 - DATE AND TIME OF LATEST TRANSACTION | |
| control field | 20251127110806.0 |
| 008 - FIXED-LENGTH DATA ELEMENTS--GENERAL INFORMATION | |
| fixed length control field | 240716s1994 xxuao grc 001 0 spa |
| 020 ## - INTERNATIONAL STANDARD BOOK NUMBER | |
| International Standard Book Number | 2-85495-186-7 |
| 040 ## - CATALOGING SOURCE | |
| Original cataloging agency | AR-BaBN |
| Language of cataloging | spa |
| Transcribing agency | AR-BaBN |
| Description conventions | aacr |
| 041 1# - LANGUAGE CODE | |
| Language code of text/sound track or separate title | eng |
| Language code of original | fre |
| 043 ## - GEOGRAPHIC AREA CODE | |
| Geographic area code | e-fr--- |
| 080 1# - UNIVERSAL DECIMAL CLASSIFICATION NUMBER | |
| Universal Decimal Classification number | 7.036:069 |
| Edition identifier | 2016 |
| 100 1# - MAIN ENTRY--PERSONAL NAME | |
| Personal name | Bayle, Françoise, |
| Relator term | autor |
| 245 10 - TITLE STATEMENT | |
| Title | Entender la pintura en Orsay / |
| Statement of responsibility, etc. | Françoise Bayle. |
| 260 ## - PUBLICATION, DISTRIBUTION, ETC. | |
| Place of publication, distribution, etc. | S. l. : |
| Name of publisher, distributor, etc. | Artlys, |
| Date of publication, distribution, etc. | ©2001. |
| 300 ## - PHYSICAL DESCRIPTION | |
| Extent | 224 p. : |
| Other physical details | il. col., fot. ; |
| Dimensions | 24 cm. |
| 500 ## - GENERAL NOTE | |
| General note | Incluye índices al final de la obra. |
| 610 24 - SUBJECT ADDED ENTRY--CORPORATE NAME | |
| Corporate name or jurisdiction name as entry element | Museo d'Orsay (París) |
| Form subdivision | Catálogos |
| 650 #4 - SUBJECT ADDED ENTRY--TOPICAL TERM | |
| Topical term or geographic name entry element | Arte moderno |
| Chronological subdivision | Siglo XIX |
| Form subdivision | Catálogos y colecciones |
| 650 #4 - SUBJECT ADDED ENTRY--TOPICAL TERM | |
| Topical term or geographic name entry element | Arte |
| Chronological subdivision | Siglo XX |
| Form subdivision | Catálogos y colecciones |
| 650 #4 - SUBJECT ADDED ENTRY--TOPICAL TERM | |
| Topical term or geographic name entry element | Arte |
| Geographic subdivision | París (Francia) |
| Form subdivision | Catálogos y colecciones |
| 655 #4 - INDEX TERM--GENRE/FORM | |
| Genre/form data or focus term | Catálogos y colecciones |
| 942 ## - ADDED ENTRY ELEMENTS (KOHA) | |
| Source of classification or shelving scheme | Universal Decimal Classification |
| Koha item type | Obra General |
| Suppress in OPAC | No |
| Withdrawn status | Lost status | Source of classification or shelving scheme | Damaged status | Not for loan | Collection | Home library | Current library | Date acquired | Source of acquisition | Total checkouts | Full call number | Barcode | Date last seen | Price effective from | Koha item type |
|---|---|---|---|---|---|---|---|---|---|---|---|---|---|---|---|
| Universal Decimal Classification | Colección General | Biblioteca Escuela de Ciencias Sociales | Biblioteca Escuela de Ciencias Sociales | 27/11/2025 | Donación 2024 | 7.036:069 B358 | 001499 | 27/11/2025 | 27/11/2025 | Obra General |